00504nam a22001817a 4500003000400000020001500004082002100019100001800040245007400058260004700132300001500179546001200194650002300206650002500229650003500254650001800289650001500307OSt a8120407938 a658.404 bOAK/PR aOakley, Peter aProjects with people : Practice of participation in rural development aNew DelhibOxford and IBH publishingc1991 axiv, 284p. aEnglish aHealth development aForestry development aEducation and training for CIH aWater supply  aIrrigation